Sholay : (Record no. 63122)

MARC details
000 -LEADER
fixed length control field 00833nam a22002057a 4500
010 ## - LCCN (DPL NO)
LC control number B-446974
020 ## - INTERNATIONAL STANDARD BOOK NUMBER
International Standard Book Number 9780140299700
Terms of availability 299.00
035 ## - SYSTEM CONTROL NUMBER
System control number B-446974
037 ## - SOURCE OF ACQUISITION
Source of stock number/acquisition Blue Berry/Ven
082 ## - DEWEY DECIMAL CLASSIFICATION NUMBER
Classification number 791.4372
100 ## - MAIN ENTRY--PERSONAL NAME
Personal name Chopra, Anupama
245 ## - TITLE STATEMENT
Title Sholay :
Remainder of title the making of classic /
Statement of responsibility, etc by Anupama Chopra
260 ## - PUBLICATION, DISTRIBUTION, ETC. (IMPRINT)
Place of publication, distribution, etc New Delhi
Name of publisher, distributor, etc Penguin Books
Date of publication, distribution, etc 2000
270 ## - ADDRESS
Address 11, Community Center,Panchsheel Park,
City New Delhi
Postal code 110017
300 ## - PHYSICAL DESCRIPTION
Extent 194p.
Other physical details 22cm.
700 ## - ADDED ENTRY--PERSONAL NAME
9 (RLIN) 42236
942 ## - ADDED ENTRY ELEMENTS (KOHA)
Source of classification or shelving scheme Dewey Decimal Classification
Item type English Books
Call number suffix CHO
Classification part 791.4372
Holdings
Withdrawn status Lost status Not for loan Collection code Home library Current library Date acquired Source of acquisition Cost, normal purchase price Full call number Barcode Copy number Cost, replacement price Koha item type
      Non-fiction Central Library Central Library 28/02/2012 Blue Berry/7045/29.09.2011/06/15.09.2011/09.11.2011 299.00 791.4372 CHO B-446974 1 299.00 English Books

© Delhi Public Library
Hit Counter
free hit counter